Quartetto d'archi no. 1 (inpirato dalla "Sonata di Kreutzer" di L.N. Tolstoi) : parti /

Hlavní autor: Janáček, Leoš, 1854-1928
Další autoři: Škampa, Milan, 1928-2018
Jazyk: Nelze použít, není lingvistický obsah
Vydáno: Praha : Supraphon, 1988
Vydání: 3. vyd.
Fyzický popis: 4 hlasy
Hudebniny Hudebniny
Uloženo v:
LEADER 00910ncm a22002412a 4500
001 001196314
003 CZ BrMZK
005 20120403153011.0
007 qu
008 120223s1988 xr |||||||||||||||||zxx d
040 |a BOA001  |b cze 
072 7 |a 787  |x Hudba pro strunné a smyčcové nástroje  |2 Konspekt  |9 9 
100 1 |a Janáček, Leoš,  |d 1854-1928  |7 jk01050745  |4 cmp 
245 1 0 |a Quartetto d'archi no. 1  |h [hudebnina] :  |b (inpirato dalla "Sonata di Kreutzer" di L.N. Tolstoi) : parti /  |c Leoš Janáček ; k tisku připravil a rev. Milan Škampa 
246 1 |i Název v tiráži:  |a 1. smyčcový kvartet 
250 |a 3. vyd. 
260 |a Praha :  |b Supraphon,  |c 1988 
300 |a 4 hlasy 
700 1 |a Škampa, Milan,  |d 1928-2018  |7 jk01130277  |4 edt 
910 |a BOA001  |b Mus4-0952.469 
990 |a MU 
991 |b 201202 
996 6 |b 2619053410  |c Mus4-0952.469  |l MZK  |r Sklad / do 1 hodiny  |n 0  |w 001229928  |u 000010  |a 1  |e BOA001  |j MZK50  |s P